LEADER 01006nam0-22002891i-450- 001 990007877400403321 005 20090623211656.0 035 $a000787740 035 $aFED01000787740 035 $a(Aleph)000787740FED01 035 $a000787740 100 $a20040430d1977----km-y0itay50------ba 101 0 $aita 102 $aIT 105 $aa---a---001yy 200 1 $aAntitrinitari nell'Europa orientale del '500$enuovi testi di Szymon Budny, Niccolò Paruta e Iacopo Paleologo$fMassimo Firpo 210 $aFirenze$cLa Nuova Italia$d1977 215 $a414 p.$d24 cm 225 1 $aPubblicazioni del Centro di studi del pensiero filosofico del Cinquecento e del Seicento in relazione ai problemi della scienza$hSerie 1$iStudi$v8 700 1$aFirpo,$bMassimo$f<1946- >$0134244 801 0$aIT$bUNINA$gRICA$2UNIMARC 901 $aBK 912 $a990007877400403321 952 $aN05.798$b10016$fDECTS 959 $aDECTS 996 $aAntitrinitari nell'Europa orientale del '500$9268468 997 $aUNINA LEADER 01302nam a2200277 i 4500 001 991000665499707536 008 100331s2009 it 00 ita d 020 $a9788813281687 035 $ab13892216-39ule_inst 040 $aSet. Economia - SAGA$bita 082 04$a341.751 082 4$a343.04 100 1 $aTosi, Loris$0231322 245 10$aLineamenti di diritto tributario internazionale /$cLoris Tosi, Roberto Baggio 250 $a2. ed 260 $aPadova :$bCEDAM,$c2009 300 $aix, 162 p. ;$c24 cm 500 $aContiene: Aggiornamento al 10 ottobre 2009 con le novità apportate dal D.L. n. 78 del 2009 (c.d. decreto anti-crisi) come modificato dal D.L. n. 103 del 2009 convertito dalla L. n. 141 del 2009 700 1 $aBaggio, Roberto$eauthor$4http://id.loc.gov/vocabulary/relators/aut$0472865 907 $a.b13892216$b22-10-14$c31-03-10 912 $a991000665499707536 945 $aLE025 ECO 343 TOS01.01$g1$i2025000234352$lle025$nProf. Paparella$o-$pE13.00$q-$rl$s- $t0$u1$v0$w1$x0$y.i1513989x$z04-06-10 945 $aLE027 341.75 TOS01.02$g1$i2027000242849$lle027$o-$pE13.00$q-$rl$s- $t0$u6$v0$w6$x0$y.i15206257$z03-12-10 996 $aLinementi di diritto tributario internazionale$940631 997 $aUNISALENTO 998 $ale025$ale027$b31-03-10$cm$da $e-$fita$git $h0$i0